000 00380nam a22001217a 4500
003 SGT
082 _a320
_bK04U
100 _aउपाध्याय, हिमांशु
245 _aकाशी की शिक्षण संस्थाओ का इतिहास
260 _bविश्वनाथ प्रकाशन
_c2004
300 _a120
942 _2ddc
_cBK
999 _c31882
_d31882